Perchance : (Record no. 551917)

000 -LEADER
fixed length control field 00506cam a22001451a 4500
082 ## - DEWEY DECIMAL CLASSIFICATION NUMBER
Classification number 942.06
Author Mark HUR
-- L-30, P-47
100 1# - MAIN ENTRY--PERSONAL NAME
Personal name Hurren, B. J.
9 (RLIN) 49084
245 10 - TITLE STATEMENT
Title Perchance :
Remainder of title a short history of British naval aviation /
Statement of responsibility, etc. by B.J. Hurren.
260 ## - PUBLICATION, DISTRIBUTION, ETC.
Place of publication, distribution, etc. London :
Name of publisher, distributor, etc. Nicholson & Watson,
Date of publication, distribution, etc. 1949.
300 ## - PHYSICAL DESCRIPTION
Extent 197 p., [8] leaves of plates :
Other physical details ill. ;
Dimensions 19 cm.
500 ## - GENERAL NOTE
General note Includes index.
526 ## - STUDY PROGRAM INFORMATION NOTE
Program name 0
Interest level 0
Reading level 0
Title point value 942_060000000000000_HUR
650 #0 - SUBJECT ADDED ENTRY--TOPICAL TERM
Topical term or geographic name entry element Aeronautics, Military
Geographic subdivision Great Britain.
9 (RLIN) 49085
942 ## - ADDED ENTRY ELEMENTS (KOHA)
Source of classification or shelving scheme
Koha item type Book
Holdings
Withdrawn status Lost status Source of classification or shelving scheme Damaged status Not for loan Permanent Location Current Location Date acquired Total Checkouts Full call number Barcode Date last seen Price effective from Koha item type
          Military College of Engineering (MCE) Military College of Engineering (MCE) 01/01/2015   942.06 HUR MCE-40147 01/01/2015 01/01/2015 Book
© 2023 Central Library, National University of Sciences and Technology. All Rights Reserved.